Dogmática y ley penal: libro homenaje a Enrique Bacigalupo

Saved in:
Bibliografiske detaljer
Main Authors: López Barja de Quiroga, Jacobo (autor), Zugaldía Espinar, José Miguel (Author)
Format: Bog
Sprog:spansk
Udgivet: Madrid Marcial Pons 2004
Madrid Instituto Universitario de Investigación Ortega y Gasset 2004
Fag:
Tags: Tilføj Tag
Ingen Tags, Vær først til at tagge denne postø!

MARC

LEADER 00000nam a2200000 a 4500
001 UCK2874
003 CL-VaPUC
008 050324e20040000sp |||||||||||||||||spa|d
020 |a 8497680995 
020 |a 8497681002v.1 
020 |a 8497681010v.2 
082 0 4 |a 345  |b LOP  |2 21 
100 |a López Barja de Quiroga, Jacobo  |e autor  |9 602831 
700 0 |a Zugaldía Espinar, José Miguel  |e author  |9 490844 
245 1 0 |a Dogmática y ley penal: libro homenaje a Enrique Bacigalupo 
300 |a v 
942 |c BK 
945 |d 20050324 00:00:00  |a cmena 
260 |a Madrid  |b Marcial Pons  |c 2004 
260 |a Madrid  |b Instituto Universitario de Investigación Ortega y Gasset  |c 2004 
600 0 7 |a BACIGALUPO, ENRIQUE  |2 CL-VaPUC  |9 490845 
650 7 |a DERECHO PENAL  |2 CL-VaPUC  |9 11 
650 0 |a Filosofía del derecho   |9 255050 
650 0 |a Derecho comparado  |9 255664 
650 0 |a Jurisprudencia  |9 255952 
650 0 |a Derecho español  |9 255291 
583 |a last modification  |c 20171122 01:14:05  |k Rodrigo Vera 
999 |c 312270  |d 312268 
952 |0 0  |1 0  |4 0  |6 345_000000000000000_LOP_2004_2004  |7 0  |8 A  |9 382320  |a BIBDER  |b BIBDER  |d 2019-11-21  |h v.1  |i 4103173  |l 1  |o 345 LOP 2004 2004  |p 4103173  |r 2024-11-21  |s 2024-11-21  |w 2019-11-21  |y BK  |k DER 
952 |0 0  |1 0  |4 0  |6 345_000000000000000_LOP_2004_2004  |7 0  |8 A  |9 382321  |a BIBDER  |b BIBDER  |d 2019-11-21  |h v.2  |i 4103181  |l 2  |m 2  |o 345 LOP 2004 2004  |p 4103181  |q 2025-12-31  |r 2021-10-08  |s 2021-10-08  |w 2019-11-21  |y BK  |k DER